000 00573nam a2200217Ia 4500
005 20240404143254.0
008 131103s9999 xx 000 0 und d
020 _a876920199
040 _aLoreto College
041 _aEnglish
082 _a301
_bBAS
100 _aBasu, Durga Das
245 _aIntroduction to the Constitution Of India
_cDurga Das Basu
250 _a7th ed.
260 _aNew Delhi
_bPrentice-Hall of India
_c1978
300 _axxii,408p.
504 _aIncludes appendix & index
650 _asocial science
850 _aLCBED
942 _cBK
999 _c27220
_d77699